000 00410 a2200145 4500
005 20250628100523.0
020 _a9781544349244
100 _aGUERRERO, L.K
245 _aClose Encounters: Communication in Relationships
250 _a6th Ed.
260 _aLondon
_bSAGE
_c2021
300 _axxiii, 640;p.: ill; pictures, tables
_bGlossary & Index
_c23cm
700 _aANDERSEN, P.A; AFIFI, W.A
942 _2ddc
_cBKS
999 _c5941
_d5941